Голландская живопись XVII-XVIII веков. Т. 1: Алдеверелд - Винк (Запись № 11085467)

Подробности
000 -МАРКЕР
контрольное поле 01945nam2a2200325 4500
001 - ИДЕНТИФИКАТОР ЗАПИСИ
контрольное поле RU\NLR\BIBL_A\011642145
005 - ИДЕНТИФИКАТОР ВЕРСИИ
контрольное поле 20260405200325.0
010 ## - МЕЖДУНАРОДНЫЙ СТАНДАРТНЫЙ НОМЕР КНИГИ (ISBN)
Номер (ISBN) 978-5-93572-745-1
Уточнения т. 1
Тираж 1500
021 ## - НОМЕР ГОСУДАРСТВЕННОЙ РЕГИСТРАЦИИ
Код страны российская федерация
Номер 2018-7171
Номер Листа государственной регистраци КН-П-490
035 ## - ДРУГИЕ СИСТЕМНЫЕ НОМЕРА
Идентификатор записи (NLR Aleph) 011642145
035 ## - ДРУГИЕ СИСТЕМНЫЕ НОМЕРА
Идентификатор записи (RuMoRGB)009531793
100 ## - ДАННЫЕ ОБЩЕЙ ОБРАБОТКИ
Данные общей обработки 20180226d2017 k y0rusy50 ca
101 0# - ЯЗЫК РЕСУРСА
Язык текста, звукозаписи и т.д. русский
-- английский
102 ## - СТРАНА ПУБЛИКАЦИИ ИЛИ ПРОИЗВОДСТВА
Страна публикации российская федерация
105 ## - ПОЛЕ КОДИРОВАННЫХ ДАННЫХ: ТЕКСТОВЫЕ МАТЕРИАЛЫ, МОНОГРАФИЧЕСКИЕ
Кодированные данные о монографическом текстовом документе ac b 001zy
200 1# - ЗАГЛАВИЕ И СВЕДЕНИЯ ОБ ОТВЕТСТВЕННОСТИ
Основное заглавие Алдеверелд - Винк
Параллельное заглавие Aldewereld - Vijnck
Язык параллельного заглавия английский
210 ## - ПУБЛИКАЦИЯ, РАСПРОСТРАНЕНИЕ И ДР.
Дата издания, распространения и т.д. 2017
215 ## - ФИЗИЧЕСКАЯ ХАРАКТЕРИСТИКА
Специфическое обозначение материала и объем 438, [2] с.
Другие сведения о физической характеристике цв. ил., портр.
320 ## - ПРИМЕЧАНИЯ О НАЛИЧИИ В ДОКУМЕНТЕ БИБЛИОГРАФИИ / УКАЗАТЕЛЯ
Текст примечания Библиогр. в примеч.: с. 17-18 и в конце лит. ст.
320 ## - ПРИМЕЧАНИЯ О НАЛИЧИИ В ДОКУМЕНТЕ БИБЛИОГРАФИИ / УКАЗАТЕЛЯ
Текст примечания Указатель имен художников: с. 437-438
461 #0 - УРОВЕНЬ НАБОРА
Встроенное поле 001RU\NLR\BIBL_A\011687786
-- 2001#$aГолландская живопись XVII-XVIII веков$dDutch painting seventeenth-eighteenth centuries$eкаталог коллекции$e[в 4 т.]$fИ. А. Соколова$gГосударственный Эрмитаж$zeng$vТ. 1
-- 700#1$aСоколова$bИ. А.$cд-р культурологии$f1957-$gИрина Алексеевна$3RU\NLR\AUTH\7787962
Системный номер (АБИС) связанной записи 11321431
Автор Соколова, И. А. (д-р культурологии ; 1957-)
Место публикации Санкт-Петербург
Дата публикации 2017
Первые сведения об ответственности И. А. Соколова
Параллельное заглавие Dutch painting seventeenth-eighteenth centuries
Имя издателя, распространителя и т.д. Изд-во Государственного Эрмитажа
Сведения, относящиеся к заглавию каталог коллекции : [в 4 т.]
Заглавие Голландская живопись XVII-XVIII веков
ISBN 9785935727444
Номер тома Т. 1
510 1# - ПАРАЛЛЕЛЬНОЕ ЗАГЛАВИЕ
Связь между полями z20790
Параллельное заглавие Aldewereld - Vijnck
Язык заглавия английский
790 #1 - ИМЯ ЛИЦА - АЛЬТЕРНАТИВНАЯ ФОРМА
Материалы, к которым относится поле rus
Графика поля Латинская
Начальный элемент ввода Sokolova
Часть имени, кроме начального элемента ввода I. A.
Дополнения к именам, кроме дат д-р культурологии
Даты 1957-
Расширение инициалов личного имени Irina Alekseevna
Идентификатор авторитетной/нормативной записи RU\NLR\AUTH\7787963
Системный номер авторитетной/нормативной записи 70891
942 ## - ДОПОЛНИТЕЛЬНЫЕ ЭЛЕМЕНТЫ ЗАПИСИ (АБИС)
Тип экземпляра АБИС Книга
980 ## - КОЛЛЕКЦИЯ
Название коллекции Национальная библиография
Экземпляры
Тип экземпляра Дата поступления Источник поступления Библиотека постоянного хранения Библиотека текущего хранения Место хранения Шифр хранения Штрих-код Статус не для выдачи Стоимость
Книга 06.03.2018 Дар РНБ (Московский) РНБ (Московский) Залы гуманитарной литературы Л1 Щ101.3(2Р)-2СПб БФ/Э-806-С 1-1977106   2000.00
Книга 26.02.2018 Обязательный экземпляр РНБ (Садовая) РНБ (Садовая) Фонд эстампов и фотографий (изоизданий) Э КИс134/Л452.01/465-48 1-1964978    
Книга 26.02.2018 Обязательный экземпляр РНБ (Садовая) РНБ (Садовая) Фонд эстампов и фотографий (изоизданий) Э КИс134/Л452.01/465-48 1-1964980    
Книга 23.04.2018   РНБ (Садовая) РНБ (Садовая) Универсальный читальный зал   ERR-116616   0.00
Книга 23.04.2018 Дар РНБ (Фонтанка) РНБ (Фонтанка) Юношеский читальный зал Ю Щ101Эр./С-59 1-1977112   2000.00